|
|
|
|
| LEADER |
00000cam a22000002c 4500 |
| 001 |
1094264059 |
| 003 |
DE-627 |
| 005 |
20220610112137.0 |
| 007 |
tu |
| 008 |
910523s1970 xx ||||| m 00| ||eng c |
| 035 |
|
|
|a (DE-627)1094264059
|
| 035 |
|
|
|a (DE-576)024264059
|
| 035 |
|
|
|a (DE-599)BSZ024264059
|
| 035 |
|
|
|a (OCoLC)311614459
|
| 040 |
|
|
|a DE-627
|b ger
|c DE-627
|e rakwb
|
| 041 |
|
|
|a eng
|
| 100 |
1 |
|
|a O'Brien, Eris
|4 aut
|
| 245 |
1 |
4 |
|a The foundation of Australia
|b (1786 - 1800); a study in English criminal practice and penal colonization in the 18th century
|c Eris O'Brien
|
| 250 |
|
|
|a Repr. 1937
|
| 264 |
|
1 |
|a Westport, Conn.
|b Greenwood Pr.
|c 1970
|
| 300 |
|
|
|a XI, 327 S.
|
| 336 |
|
|
|a Text
|b txt
|2 rdacontent
|
| 337 |
|
|
|a ohne Hilfsmittel zu benutzen
|b n
|2 rdamedia
|
| 338 |
|
|
|a Band
|b nc
|2 rdacarrier
|
| 502 |
|
|
|a Zugl.: London, Univ., Diss., 1936
|
| 583 |
1 |
|
|a Archivierung prüfen
|c 20200919
|f DE-640
|z 1
|2 pdager
|
| 655 |
|
7 |
|a Hochschulschrift
|0 (DE-588)4113937-9
|0 (DE-627)105825778
|0 (DE-576)209480580
|2 gnd-content
|
| 689 |
0 |
0 |
|d g
|0 (DE-588)4003900-6
|0 (DE-627)106388347
|0 (DE-576)208853154
|a Australien
|2 gnd
|
| 689 |
0 |
1 |
|d g
|0 (DE-588)4022153-2
|0 (DE-627)104665513
|0 (DE-576)208942076
|a Großbritannien
|2 gnd
|
| 689 |
0 |
2 |
|d s
|0 (DE-588)4443911-8
|0 (DE-627)225133369
|0 (DE-576)212497995
|a Strafkolonie
|2 gnd
|
| 689 |
0 |
3 |
|a z
|2 gnd
|a Geschichte 1786-1800
|
| 689 |
0 |
|
|5 (DE-627)
|
| 951 |
|
|
|a BO
|
| ELC |
|
|
|b 1
|
| LOK |
|
|
|0 000 xxxxxcx a22 zn 4500
|
| LOK |
|
|
|0 001 2164893212
|
| LOK |
|
|
|0 003 DE-627
|
| LOK |
|
|
|0 004 1094264059
|
| LOK |
|
|
|0 005 20020606000000
|
| LOK |
|
|
|0 008 910523||||||||||||||||ger|||||||
|
| LOK |
|
|
|0 040
|a DE-21
|c DE-627
|d DE-21
|
| LOK |
|
|
|0 852
|a DE-21
|
| LOK |
|
|
|0 852 1
|c KB 5 A 833
|9 00
|
| LOK |
|
|
|0 935
|a krim
|
| LOK |
|
|
|0 936ln
|a k12.2
|
| LOK |
|
|
|0 939
|a 23-05-91
|b l01
|
| ORI |
|
|
|a SA-MARC-krimdoka001.raw
|
| SIG |
|
|
|a UB: KB 5 A 833
|
| TIM |
|
|
|a 100017860101_100018001231
|b Geschichte 1786-1800
|